000 01626nam0a2200373 4500
001 RU\NLR\BIBL_A\012502893
005 20210609173910.0
010 _a978-5-6043447-7-4
_9200
021 _aRU
_bКН-П-20-079809
_9КН-П-20-6053
035 _a(NLR Aleph) 012502893
035 _a(RuMoRGB)010510709
090 _a12239007
_c12239007
100 _a20210413d2020 u y0rusy50 ca
101 0 _arus
102 _aRU
105 _ac|||g|||000zy
181 0 _ai3
_baxxe
182 0 _an
200 1 _aПисатели Калининградской областной организации, 1960-2020
_eсправочник
_fсост., вступит. ст. и история: Б.Н. Бартфельд
203 _aТекст
_bвизуальный
_cнепосредственный
210 _aКалининград
_cКладезь
_d2020
215 _a174, [2] с.
_cпортр.
_d21
320 _aБиблиогр. в конце ст.
606 1 _aРусская литература
_jСправочники
_yКалининградская область
_92440370
_3RU\NLR\AUTH\6601669699
686 1 _aШ5(2=Р)-379я2
702 1 _4220
_7ca
_8rus
_aБартфельд
_bБ. Н.
_f1956-
_gБорис Нухимович
_970733
_3RU\NLR\AUTH\7787805
711 0 2 _aСоюз российских писателей
_bКалининградская организация
_9366420
_3RU\NLR\AUTH\8810240286
942 _cBOOK
980 _aNBR
980 _aNB